computers : (Record no. 332)
[ view plain ]
| 000 -LEADER | |
|---|---|
| fixed length control field | 00860nam a22002657a 4500 |
| 001 - CONTROL NUMBER | |
| control field | 332 |
| 003 - CONTROL NUMBER IDENTIFIER | |
| rucl marc code | BD-RjUL |
| 005 - DATE AND TIME OF LATEST TRANSACTION | |
| control field | 20211208233147.0 |
| 008 - FIXED-LENGTH DATA ELEMENTS--GENERAL INFORMATION | |
| fixed length control field | 131117s1989 ii ao 001 0 eng d |
| 020 ## - INTERNATIONAL STANDARD BOOK NUMBER | |
| International Standard Book Number | 0876926200 |
| 035 ## - SYSTEM CONTROL NUMBER | |
| System control number | (BD-RjUL)349 |
| 040 ## - CATALOGING SOURCE | |
| Original cataloging agency | BD-RjUL |
| Language of cataloging | eng |
| Transcribing agency | BD-RjUL |
| Modifying agency | BD-RjUL |
| 041 ## - LANGUAGE CODE | |
| Language code of text/sound track or separate title | eng |
| 082 ## - DEWEY DECIMAL CLASSIFICATION NUMBER | |
| Edition number | 19 |
| Classification number | 004 |
| Author mark and year | HUC 1989 |
| 100 1# - MAIN ENTRY--PERSONAL NAME | |
| Personal name | Hussain, Khateeb M. |
| 9 (RLIN) | 1060 |
| 245 04 - TITLE STATEMENT | |
| Title | computers : |
| Remainder of title | technology, applications, and social implications, with BASIC and Pascal / |
| Statement of responsibility, etc. | Khateeb M Hussain , Donna Hussain; |
| 260 ## - PUBLICATION, DISTRIBUTION, ETC. (IMPRINT) | |
| Place of publication, distribution, etc. | New Delhi : |
| Name of publisher, distributor, etc. | Prentice-Hall of India Private Ltd. , |
| Date of publication, distribution, etc. | c1989 |
| 300 ## - PHYSICAL DESCRIPTION | |
| Pagination | Various pages : |
| Illustrations | ill., photos ; |
| Size | 26 cm. |
| 500 ## - GENERAL NOTE | |
| General note | Glossary:p.G1-17 |
| 504 ## - BIBLIOGRAPHY, ETC. NOTE | |
| Bibliography, etc | Includes indexs. |
| 650 #0 - SUBJECT ADDED ENTRY--TOPICAL TERM | |
| Topical term or geographic name as entry element | Computers |
| 9 (RLIN) | 1061 |
| Topical term or geographic name as entry element | Pascal (Computer program language) |
| 9 (RLIN) | 1014 |
| 700 1# - ADDED ENTRY--PERSONAL NAME | |
| Personal name | Hussain, Donna S. |
| 942 ## - ADDED ENTRY ELEMENTS (KOHA) | |
| Source of classification or shelving scheme | Dewey Decimal Classification |
| Koha item type | Books |
| Lost status | Source of classification or shelving scheme | Damaged status | Not for loan | Collection code | Permanent Location | Current Location | Shelving location | Date acquired | Source of acquisition | Cost, normal purchase price | Total Checkouts | Full call number | Date last seen | Copy number | Koha item type |
|---|---|---|---|---|---|---|---|---|---|---|---|---|---|---|---|
| Dewey Decimal Classification | Not For Loan | Non-fiction | Central Library, University of Rajshahi | Central Library, University of Rajshahi | Reading Room | 21/03/1998 | Dhaka, Ahsania Mission Book Dis. House | 123.50 | 004 HUC 1989 | 17/11/2013 | C-3 | Books | |||
| Dewey Decimal Classification | Not For Loan | Non-fiction | Central Library, University of Rajshahi | Central Library, University of Rajshahi | Reading Room | 21/03/1998 | Dhaka, Ahsania Mission Book Dis. House | 123.50 | 004 HUC 1989 | 04/04/2017 | C-1 | Books |